Pobreza, familia y políticas de género : (Record no. 199426)

MARC details
000 -CABECERA
campo de control de longitud fija 00838nam a2200229 a 4500
005 - FECHA Y HORA DE LA ÚLTIMA TRANSACCIÓN
campo de control 20240215063815.0
008 - ELEMENTOS DE LONGITUD FIJA--INFORMACIÓN GENERAL
campo de control de longitud fija 181017s2006 mx r 000 0 spa d
020 ## - NÚMERO INTERNACIONAL NORMALIZADO PARA LIBROS
Número Internacional Estándar del Libro 9687947527
035 ## - NÚMERO DE CONTROL DEL SISTEMA
Número de control de sistema UPN01000227331
049 ## - COLECCIÓN
Colección CG
050 #4 - SIGNATURA TOPOGRÁFICA DE LA BIBLIOTECA DEL CONGRESO
Número de clasificación HQ1465 T5.4
Número de documento/Ítem L6.6
100 1# - ASIENTO PRINCIPAL--NOMBRE PERSONAL
Nombre de persona López Estrada, Silvia
9 (RLIN) 42290
245 00 - MENCIÓN DE TÍTULO
Título Pobreza, familia y políticas de género :
Resto del título el programa jefas de familia en Tijuana /
Mención de responsabilidad, etc. Silvia López Estrada, Gerardo Ordóñez Barba.
260 ## - PUBLICACIÓN, DISTRIBUCIÓN, ETC.
Lugar de publicación, distribución, etc. Tijuana, B. C. :
Nombre del editor, distribuidor, etc. El Colegio de la Frontera Norte,
Fecha de publicación, distribución, etc. 2006.
300 ## - DESCRIPCIÓN FÍSICA
Extensión 375 p. :
Otras características físicas ils., figs., cuadros
650 #4 - ASIENTO SECUNDARIO DE MATERIA - TERMINO TEMATICO
Término de materia o nombre geográfico como elemento de entrada MUJERES JEFAS DE HOGAR -
Subdivisión geográfica TIJUANA, BAJA CALIFORNIA
9 (RLIN) 27126
650 #4 - ASIENTO SECUNDARIO DE MATERIA - TERMINO TEMATICO
Término de materia o nombre geográfico como elemento de entrada ROL SEXUAL -
Subdivisión geográfica MEXICO
9 (RLIN) 10084
650 #4 - ASIENTO SECUNDARIO DE MATERIA - TERMINO TEMATICO
Término de materia o nombre geográfico como elemento de entrada Mujeres pobres
Subdivisión geográfica México
9 (RLIN) 25225
700 1# - ASIENTO SECUNDARIO--NOMBRE DE PERSONAL
Nombre de persona Ordóñez Barba, Gerardo Manuel,
Término indicativo de función/relación coaut.
905 ## - TIPO DE MATERIAL
Tipo de material Libro
Holdings
Estado de retiro Estado de pérdida Fuente del sistema de clasificación o colocación Estado dañado No para préstamo Código de colección Localización permanente Ubicación/localización actual Ubicación en estantería Total de préstamos Clasificación Código de barras Fecha visto por última vez Número de copia Tipo de ítem Koha
    Library of Congress Classification     Colección General Bib. Gregorio Torres Quintero Bib. Gregorio Torres Quintero Planta baja   HQ1465 T5.4 L6.6 327221 31/12/2020 1 Libro